Historia de la Universidad Pedagógica Nacional

Con la historia de la Universidad Pedagógica Nacional se busca comprender su función como institución formadora de docentes, preocupada por el papel de la educación en el Colombia.

Gorde:
Xehetasun bibliografikoak
Egile nagusia: Jiménez, Absalón
Beste egile batzuk: Figueroa, Helwar
Formatua: Liburua
Hizkuntza:Spanish
Argitaratua: Bogotá: Universidad Pedagógica Nacional, 2002
Gaiak:
Sarrera elektronikoa:Enlace del recurso
Etiketak: Etiketa erantsi
Etiketarik gabe, Izan zaitez lehena erregistro honi etiketa jartzen!

MARC

LEADER 00000nam a2200000 a 4500
001 001134
008 030619s2002 ck a fr# #000|0#spa#d
020 |a 986-9097-69-3 
041 0 |a spa 
043 |a s-ck--- 
082 0 4 |a 378.05  |b J352h 
100 1 |a Jiménez, Absalón 
245 1 0 |a Historia de la Universidad Pedagógica Nacional   |c Absalón Jiménez; Helwar Figueroa 
260 |a Bogotá:  |b Universidad Pedagógica Nacional,  |c 2002 
300 |a 269 p.:  |b il. 
504 |a Incluye bibliografía. 
520 3 |a Con la historia de la Universidad Pedagógica Nacional se busca comprender su función como institución formadora de docentes, preocupada por el papel de la educación en el Colombia. 
650 1 4 |a UNIVERSIDADES  |z COLOMBIA 
650 1 4 |a EDUCACIÓN SUPERIOR 
700 1 |a Figueroa, Helwar 
999 |c 3286  |d 3286 
856 |u https://catalogo.idep.edu.co/cgi-bin/koha/opac-detail.pl?biblionumber=3286  |z Enlace del recurso